|
|
|
|
| LEADER |
00000nam a2200000 a 4500 |
| 001 |
vtls001219010 |
| 003 |
SK-MaSNL |
| 005 |
20260301234040.0 |
| 008 |
240318s1996 xo r slo |
| 015 |
|
|
|a SNBA1996/0902484
|
| 020 |
|
|
|a 8071411124
|
| 035 |
|
|
|a SNK000162940
|
| 035 |
|
|
|a urn:nbn:sk:snk-amkf8k
|
| 035 |
|
|
|a urn:nbn:sk:snk-am003ul7
|
| 035 |
|
|
|a 1605C02D-FA5E-46A8-8D0C-BE3D03E0B817
|
| 040 |
|
|
|a SNK
|b slo
|c SNK
|e AACR2
|
| 041 |
0 |
|
|a slo
|
| 044 |
|
|
|a xo
|
| 080 |
|
|
|a 252
|2 1981
|
| 100 |
1 |
|
|a Rahner, Karl,
|d 1904-1984
|4 aut
|9 220361
|
| 245 |
1 |
0 |
|a Mária, Matka Pána
|b teologické úvahy
|c Karl Rahner ; [z nemeckého originálu preložil Vojtech Mikula]
|
| 260 |
|
|
|a Trnava
|b Dobrá kniha
|c 1996
|
| 300 |
|
|
|a 106 s.
|c 21 cm
|
| 500 |
|
|
|a Údaj o prekl. prevzatý z rubu tit. strany
|
| 600 |
0 |
|
|a Mária,
|c matka Ježišova, svätá
|2 SNK
|9 157751
|
| 655 |
|
7 |
|a príručky
|2 SNK
|9 74364
|
| 700 |
1 |
|
|a Mikula, Vojtech,
|d 1920-1992
|4 trl
|
| 919 |
|
|
|a 80-7141-112-4
|
| 958 |
|
|
|a TL
|
| 958 |
|
|
|a OP
|
| 958 |
|
|
|a DE
|
| 958 |
|
|
|a NS
|
| 968 |
|
|
|b DT
|
| 999 |
|
|
|c 968736
|d 970666
|
| 952 |
|
|
|t P60, <09>, [BOOK], {629}
|a SNK
|b SNK
|y NEVYP
|7 0
|o snkC 1313
|i snk2479/960731
|0 0
|1 0
|4 0
|d 1996-07-30
|l 0
|r 2005-01-01 00:00:00
|w 2026-02-24
|
| 952 |
|
|
|t P60, <03>, [BOOK], {603}
|a SNK
|b SNK
|y PREZ
|7 0
|p 17A0006758
|o snkSC 90914
|i snkKSP 5954/96
|0 0
|1 0
|4 0
|d 1996-07-30
|f 1
|l 0
|r 2025-09-09 00:00:00
|w 2026-02-24
|
| 952 |
|
|
|t P60, <04>, [BOOK], {604}
|a SNK
|b SNK
|y VYP
|7 0
|p 17A0006757
|o snkSC 90914 D1
|i snkKSP 5955/96
|0 0
|1 0
|4 0
|d 1996-07-30
|l 0
|r 2005-01-01 00:00:00
|w 2026-02-24
|